| 000 | 01471cad a22002415a 4500 | ||
|---|---|---|---|
| 001 | L155328 | ||
| 008 | 120320s2012 xxk 000 0 eng d | ||
| 035 | _a(Sirsi) u155328 | ||
| 041 | 0 | _aeng | |
| 110 | 2 |
_aJones Lang LaSalle _93755 |
|
| 245 | 0 | 0 |
_aIndustrial outlook North America Q4 2011 _h[electronic resource] |
| 260 |
_a[S.I.] _bJones Lang LaSalle _c2012 |
||
| 490 |
_aJones Lang LaSalle Industrial Outlook North America _vQ4 2011 |
||
| 520 | _aNearly all US industrial markets experienced positive net absorption in Q4 2011. The aerospace , pharmaceutical and auto manufacturing industries continue to give Mexico's industrial property market a boost. Canadian industrial market conditions improved nationally for the eighth consecutive quarter sustained by demand in Central and Western Canada. | ||
| 520 | _aUS economy -- Industrial market -- Industrial capital markets -- Industrial property clock -- Industrial property clock -- Industrial weather map -- Market statistics -- Industrial rankings -- local markets. Canada local markets -- Toronto market statistics -- Montreal market statistics. Mexico economy --Mexico property clock -- Mexico statistics. | ||
| 590 | _aKA | ||
| 651 | 4 | _aUnited States | |
| 651 | 4 | _aMexico | |
| 651 | 4 | _aCanada | |
| 690 |
_aCommercial property _96227 |
||
| 856 | 4 | 0 |
_uhttps://www.joneslanglasalle.ca/ResearchLevel1/North-America-Industrial-Outlook-Q4-2011.pdf _zView the report at www.joneslanglasalle.ca |
| 942 | _n0 | ||
| 999 |
_c83857 _d83857 |
||